Les 10 villes les plus peuplées de La Réunion (974) - Statistiques

Statistiques générales
  • Ce quiz a été pris 99 fois
  • Le résultat moyen est 8 sur 10
Statistiques - réponses
Population Communes % Correct
154 800 Saint-Denis
100%
84 100 Saint-Pierre
95%
105 200 Saint-Paul
89%
81 900 Le Tampon
87%
57 100 Saint-André
73%
37 000 Saint-Benoît
72%
38 800 Saint-Joseph
70%
34 900 Saint-Leu
69%
53 900 Saint-Louis
67%
35 300 La Possession
60%
Aucun quiz correspondant
Distribution des résultats
% des personnes avec chaque résultat
Percentile par nombre de réponses
Votre historique - résultats
Vous n’avez pas pris ce quiz